000
00252nam a2200097Ia 4500
001
800500
005
20250826171020.0
008
250824s9999 xx 000 0 und d
245
0
_a
SELÇUKLU TARİHİ -4
_c
ZEHRA AYGÜL
260
_b
UĞUR BÖCEĞİ YAYINLARI
999
_c
800500
_d
800500